Imperfect mates, perfect marriage. (Record no. 14634)

000 -LEADER
fixed length control field 00708nam a2200217 a 4500
001 - CONTROL NUMBER
control field :::00012466$&:&@@
003 - CONTROL NUMBER IDENTIFIER
control field OkBaRHE
005 - DATE AND TIME OF LATEST TRANSACTION
control field 20100402121803.0
008 - FIXED-LENGTH DATA ELEMENTS--GENERAL INFORMATION
fixed length control field s1985 j 000 0 eng u
020 ## - INTERNATIONAL STANDARD BOOK NUMBER
International Standard Book Number 0883681730 (pbk.)
040 ## - CATALOGING SOURCE
Transcribing agency
100 1# - MAIN ENTRY--PERSONAL NAME
Personal name Hampton, Diane.
245 10 - TITLE STATEMENT
Title Imperfect mates, perfect marriage.
260 ## - PUBLICATION, DISTRIBUTION, ETC. (IMPRINT)
Place of publication, distribution, etc Springdale, PA., :
Name of publisher, distributor, etc Whitaker House
Date of publication, distribution, etc 1985
300 ## - PHYSICAL DESCRIPTION
Extent 120 p. ;
Dimensions 18 cm.
650 ## - SUBJECT ADDED ENTRY--TOPICAL TERM
Topical term or geographic name as entry element Interpersonal Relations
650 ## - SUBJECT ADDED ENTRY--TOPICAL TERM
Topical term or geographic name as entry element Marriage
General subdivision United States
650 ## - SUBJECT ADDED ENTRY--TOPICAL TERM
Topical term or geographic name as entry element Marriage
General subdivision United States
-- Religious Aspects
-- Christianity
942 ## - ADDED ENTRY ELEMENTS (KOHA)
Source of classification or shelving scheme
Koha item type Books
Copies
Not for loan Damaged status Copy number Permanent Location Price effective from Date acquired Koha item type Shelving location Withdrawn status Source of classification or shelving scheme Barcode Lost status Full call number Date last seen
  1RHEMA Bible Training College2010-04-142010-04-14BooksGeneral Stacks  12466 HQ 734 .H2595 19852010-04-14